| 000 | 00431nam a2200157Ia 4500 | ||
|---|---|---|---|
| 003 | GCL | ||
| 008 | 140319s9999 xx 000 0 eng d | ||
| 040 |
_aGCL / _cGCL |
||
| 082 | 0 | 4 |
_a932 _bE B |
| 100 | 1 | _aE.E.S | |
| 245 | 1 | 0 |
_aEGYPTIAN ARCHAELOGY: BULLETIN OF THE EGYPT EXPLORATION SOCIETY NO 2,1992 / _cE.E.S |
| 260 |
_a[S.N] : _bEGYPT EXPLORATION SOCIETY ، _c1992 |
||
| 300 | _a40 | ||
| 650 | 0 | 4 | _aPERIODICALS |
| 942 |
_2ddc _cCR |
||
| 999 |
_c25853 _d25853 |
||